Lo strano fenomeno del Mobbing

Detalles Bibliográficos
Autor principal: Belsito, Antonio
Formato: eBook
Lenguaje:italiano
Publicado: Bari : Cacucci Editore, 2012
Materias:
Acceso en línea:http://www.vlex.com/source/11199

MARC

LEADER 00000nam a22000007a 4500
005 20130429163609.0
007 cr|||| ||||
008 130429e2012 it |||||s|||| 00||0 ita d
020 |a 9788866111160 
035 |a 11199 
040 |a vLex 
090 |c 4214  |d 4214 
100 1 0 |a Belsito, Antonio 
245 1 3 |a Lo strano fenomeno del Mobbing  |c / Antonio Belsito   |h [Recurso electrn̤ico] 
256 |a Servicio en ln̕ea 
260 |a Bari :  |b Cacucci Editore,   |c 2012 
300 |a 1 Recurso electrn̤ico 
506 |d vLex Global  |d vLex Global (Academic Edition, excluding Law Schools)  |d vLex Global (U.S. Academic Edition, Law Schools)  |d vLex Global (U.S. Academic Edition, excluding Law Schools)  |d vLex Global (Academic Edition, Law Schools) 
650 0 4 |a Psicologa̕ 
650 0 4 |a Mobbing 
650 0 4 |a Derecho laboral y Seguridad Social  |z Italia 
740 |a vLex Libros (Servicio en ln̕ea) 
856 |a Acceso restringido  |u http://www.vlex.com/source/11199 
942 |c BOOK 
999 0 |a Psychology